| 000 | 00694cab a2200217 4500 | ||
|---|---|---|---|
| 001 | WB2412-14 | ||
| 008 | 090401t1988 xxu||||| |||| 00| 0 eng d | ||
| 035 | _a(Sirsi) u63132 | ||
| 041 | _aeng | ||
| 245 | _aHousing Bill change of character | ||
| 260 | _c1988 | ||
| 350 | _a0 | ||
| 490 |
_aGuardian _v17/3/88, p6 |
||
| 520 | _aThe character of the Housing Bill has changed during the course of its progress through parliament becoming the blueprint for a third housing sector based on social priorities. | ||
| 650 | _aPRIVATE RENTED SECTOR | ||
| 650 | _aRENTED HOUSING | ||
| 650 | _aSOCIAL LANDLORDS CHARTER | ||
| 690 |
_aBlock management _96220 |
||
| 942 | _n0 | ||
| 948 | _c04/03/1997 | ||
| 999 |
_c39249 _d39249 |
||